000 00333nam a22001457a 4500
003 OSt
005 20160727222356.0
008 160622b xxu||||| |||| 00| 0 eng d
040 _cOXFORD
100 _9531
_aTreece, H
245 _aMan with a Swerd
260 _aNEW YORK
_bOXFARD
_c1962
300 _aMan with a Swerd
942 _2ddc
_cBK
999 _c445
_d445